Book, Movie, Song: 'E' Words Quiz Stats

 Plays Quiz Updated Jun 5, 2015

Challenge
Share
Tweet
Embed
Score 0/24 Timer 04:00
0 Plays Today
% Correct
Easter, Ever, Edge
95.4%
Earrings, Eyes, Express
94.8%
Earth, Eiger, Enough
93.4%
Everyday, Eden, Educating
91.5%
Ender's, Eat, Everything
87.2%
Eddie, Eclipse, Einstein's
87.1%
Eye, Empire, Easy
84.8%
Everything, Earthly, Ed
79.4%
Electric, Exit, Encino
77.1%
Elvis, End, Expectations
76.7%
Elvira, Eve, Executioner's
76.3%
Express, Earth, Emotional
75.6%
% Correct
Empire, Electric, E.'s
75.3%
Earthsea, Enchanted, Earl
75.2%
Eating, Earth, English
73.9%
Education, Emerald, Eileen
73.4%
Easy, Edmund, Eyre
72.7%
Emotional, Everlasting, Errand
72.3%
Everybody's, Enduring, Eagle
71.8%
Ecstasy, End, Enemies
71.5%
Everybody, End, Emperor
70.8%
Emil, Escape, End
69.3%
Eugene, Elephant, Endless
67.5%
Emotion, Earth, Eight
63.6%

You're not logged in!

Compare scores with friends on all Sporcle quizzes.
OR
Log In

You Might Also Like...

Show Comments

Extras

Top Quizzes Today


Score Distribution

Your Account Isn't Verified!

In order to create a playlist on Sporcle, you need to verify the email address you used during registration. Go to your Sporcle Settings to finish the process.

Report this User

Report this user for behavior that violates our Community Guidelines.

Details: